000 00551nam a22001937a 4500
003 MPLRDC
005 20220104203430.0
008 210129b ||||| |||| 00| 0 eng d
020 _a978-7-229-02388-1
082 _a411.3 HZG
100 _a洪昭光
245 _a吃好比好吃更重要
_c
250 _a初版七刷
260 _a中国
_b重庆出版集团, 重庆出版社
_c2012
300 _b
520 _a新书上架 2018-08-16。 2018-05-25 铅笔记录--pg.部分页面。
650 _a营养与食品
942 _cBK
_o411.3 HZG
999 _c68128
_d68118